Sports Quiz

Random Sports or NBA Quiz

Most Valuable NBA Franchises 2015 Quiz Stats

 Plays Quiz not verified by Sporcle

Score 0/10 Timer 01:00
0 Plays Today
Rank NBA Franchise % Correct
1.Los Angeles Lakers
99.6%
2.New York Knicks
93.9%
9.Miami Heat
90.2%
5.Los Angeles Clippers
88.6%
4.Boston Celtics
88.3%
10.Dallas Mavericks
84.1%
3.Chicago Bulls
81.8%
6.Brooklyn Nets
77.7%
8.Houston Rockets
77.3%
7.Golden State Warriors
67.8%

You're not logged in!

Compare scores with friends on all Sporcle quizzes.
OR
Log In

Sporcle TV

Today on Sporcle TV


Watch our educational content, quiz creation guides, and fun videos on Sporcle TV.

Show Comments

Extras

Top Quizzes Today


Score Distribution

Your Account Isn't Verified!

In order to create a playlist on Sporcle, you need to verify the email address you used during registration. Go to your Sporcle Settings to finish the process.

Report this User

Report this user for behavior that violates our Community Guidelines.

Details: